000 01045nam a2200265 a 4500
001 000021026
003 DO-SdBNP
005 20260304085435.0
008 100830s2003 dr ac 000 0 spa d
020 _a9993489875
040 _aDO-SdBNP
_bspa
_cBNPHU
049 _aBNPD
082 _a972.93054
_bP349L
100 1 _aPeña Gomez, Jose Francisco ,
_d1937-1998
_92994
245 1 4 _aLos liberales americanos y la revolución dominicana /
_cJosé Francisco Peña Gómez ; prólogo Fulgencio Espinal.
260 _aSanto Domingo :
_bUniversal,
_c2003.
300 _a185 p. :
_bil., retrs. ;
_c23 cm.
500 _aIncluye datos biográficos del autor en la contraportada de la cubierta.
651 4 _aRepública Dominicana --
_xHistoria --
_y1961-
_96572
_2LEMB
651 4 _aEstados Unidos
_xRelaciones Exteriores
_zRepública Dominicana
_96309
651 4 _aRepública Dominicana
_xRelaciones Exteriores
_zEstados Unidos
_96308
700 1 _aEspinal, Fulgencio,
_epról.
_98374
910 _aValidado. Control de calidad EMS
942 _2ddc
_cLBS1
999 _c20529
_d20529